000 00864nam a22002417a 4500
001 61390
003 BD-RjUL
005 20211209080944.0
008 170117s1974 bg ||||| |||| 00| 0 ben d
020 _c: TK 4.50
035 _a(BD-RjUL)61514
040 _aBD-RjUL
_bben
_cBD-RjUL
041 _aben
082 _223
_a322.1
_bSID 1974
100 _aদিদ্দিকী, এস. এ.
_9122594
245 1 0 _aধর্মনিরপেক্ষতা /
_cএস. এ. সিদ্দিকী
250 _a২য় সং.
260 _aচট্রগ্রাম :
_bরফিক মঞ্জিল,
_c১৯৭৪
300 _a৬৮পৃ. ;
_c২১ সেমি.
650 _aধর্মীয় প্রতিষ্ঠান
_9136133
_zবেঙ্গল
650 _aReligious Organizations
_9136134
_zBengal
942 _2ddc
_cBK
999 _c61390
_d61390